Nabhi's Handbook for house owners / (Record no. 136892)

MARC details
000 -LEADER
fixed length control field 00533nam a22001937a 4500
010 ## - LIBRARY OF CONGRESS CONTROL NUMBER
LC control number A-372174
035 ## - SYSTEM CONTROL NUMBER
System control number A-372174
037 ## - SOURCE OF ACQUISITION
Source of stock number/acquisition Cen Lib / Ret
040 ## - CATALOGING SOURCE
Original cataloging agency DPL
Language of cataloging En
082 ## - DEWEY DECIMAL CLASSIFICATION NUMBER
Classification number 334.1
Item number JAI
100 ## - MAIN ENTRY--PERSONAL NAME
Personal name Jain, Sarla Devi
245 ## - TITLE STATEMENT
Title Nabhi's Handbook for house owners /
Statement of responsibility, etc by Sarla Devi Jain
260 ## - PUBLICATION, DISTRIBUTION, ETC. (IMPRINT)
Place of publication, distribution, etc New Delhi
Name of publisher, distributor, etc Nabhi Publications
Date of publication, distribution, etc 1989
270 ## - ADDRESS
Address P.O. Box no. 37
City New Delhi
Postal code 110001
300 ## - PHYSICAL DESCRIPTION
Extent 378p
Dimensions 27cm(Hb)
650 ## - SUBJECT ADDED ENTRY--TOPICAL TERM
Topical term or geographic name as entry element law
650 ## - SUBJECT ADDED ENTRY--TOPICAL TERM
Topical term or geographic name as entry element Housing law
942 ## - ADDED ENTRY ELEMENTS (KOHA)
Source of classification or shelving scheme Dewey Decimal Classification
Koha item type English Books
Classification part 334.1
Call number suffix JAI
Holdings
Withdrawn status Lost status Damaged status Not for loan Home library Current library Date acquired Source of acquisition Total Checkouts Full call number Barcode Date last seen Copy number Price effective from Koha item type
        Central Library Central Library 11/03/2016 Cen Lib/Ret   334.1 JAI A-372174 11/03/2016 1 11/03/2016 English Books

© Delhi Public Library
Hit Counter
free hit counter